000 00420cam a22001574a 4500
020 _a007287550X (acidfree paper)
040 _cDLC
082 0 0 _a658 HIL 2005 A055 Or.
100 1 _aNoe, Raymond A.
245 1 0 _aEmployee training and development /
250 _a3rd ed.
260 _aBoston :
_bMcGraw-Hill/Irwin,
_cc2005.
300 _axv, 463 p. :
_bill. (some col.) ;
_c23 cm.
650 0 _aEmployees
942 _cEK
999 _c15370
_d15370